00650 2200205 4500001002100000005001500021035002000036245018200056100002400238250000600262300003500268700001500303260003500318082001200353084001800365020001700383650001000400990001700410990001700427INLIS00000000000032520181003110159 a0010-10180000151 aShaum Best of the Best :bKandungan Gizi Buku Ini : Keutamaan Shaum ( Ramadhan ), Kunci Sukses Shaum dan Ensiklopedi Shaum /cAbdullah Gymnastiar; Penulis Pendamping, Abdul Raup0 aAbdullah Gymnastiar a- aix, 54 hlm. :bilus. ;c25 cm.0 aAbdul Raup aBandung :bKhas MQ 2005,c2005 a297.362 a297.362 ABD s a979-996802-x aPuasa a01348/P/2018 a01349/P/2018